<?xml version="1.0" encoding="UTF-8"?>
<collection xmlns="http://www.loc.gov/MARC21/slim">
    <record>
        <controlfield tag="001">63528</controlfield>
        <controlfield tag="005">20171215115343.0</controlfield>
        <datafield tag="024" ind1="8" ind2=" ">
            <subfield code="2">sideral</subfield>
            <subfield code="a">103107</subfield>
        </datafield>
        <datafield tag="037" ind1=" " ind2=" ">
            <subfield code="a">ART-2017-103107</subfield>
        </datafield>
        <datafield tag="041" ind1=" " ind2=" ">
            <subfield code="a">spa</subfield>
        </datafield>
        <datafield tag="100" ind1=" " ind2=" ">
            <subfield code="a">García-Peñalvo, Francisco José</subfield>
        </datafield>
        <datafield tag="245" ind1=" " ind2=" ">
            <subfield code="a">Los MOOC: Un análisis desde una perspectiva de la innovación institucional universitaria</subfield>
        </datafield>
        <datafield tag="260" ind1=" " ind2=" ">
            <subfield code="c">2017</subfield>
        </datafield>
        <datafield tag="506" ind1="0" ind2=" ">
            <subfield code="a">Access copy available to the general public</subfield>
            <subfield code="f">Unrestricted</subfield>
        </datafield>
        <datafield tag="520" ind1="3" ind2=" ">
            <subfield code="a">Una buena práctica de gestión y política universitaria es aquella que se consolida en el tiempo, que mejora de forma continua a partir de lo ya realizado, que es impulsada por los diferentes equipos rectorales y que tiene un impacto global en el contexto universitario (y fuera de él). Esto es lo ocurrido con los actuales cursos masivos abiertos y en línea, los MOOC (del inglés Massive Open Online Course). Aunque sus principios se asocian al 2008, estos cursos son fruto de una política universitaria que comenzó a principios de los años 80. Es entonces cuando comienza a utilizarse ordenadores en las universidades para la creación de apuntes, antes escritos a mano o con máquina de escribir, y los acetatos usados en clase, recursos de aprendizaje analógicos cuyas leyendas y gráficos eran dibujados “a mano”. Pero los gestores universitarios tuvieron una visión más amplia y potenciaron la transformación de los recursos educativos en formato digital para mejorar su gestión, organización y utilización, mediante campañas de concienciación y la financiación de actividades y de recursos tecnológicos. A partir de entonces se abrió un camino repleto de novedades y tendencias en educación, plagado de éxitos y de fracasos, y cuya última manifestación son los MOOC, que han sobrepasado las fronteras de la universidad. En este artículo se dará una visión de la trayectoria de la innovación institucional universitaria que ha conducido a la aparición de los MOOC, se analizará su impacto sobre el modelo universitario y se reflexionará sobre su evolución.</subfield>
        </datafield>
        <datafield tag="540" ind1=" " ind2=" ">
            <subfield code="9">info:eu-repo/semantics/openAccess</subfield>
            <subfield code="a">by-nc</subfield>
            <subfield code="u">http://creativecommons.org/licenses/by-nc/3.0/es/</subfield>
        </datafield>
        <datafield tag="655" ind1=" " ind2="4">
            <subfield code="a">info:eu-repo/semantics/article</subfield>
            <subfield code="v">info:eu-repo/semantics/publishedVersion</subfield>
        </datafield>
        <datafield tag="700" ind1=" " ind2=" ">
            <subfield code="a">Fidalgo-Blanco, Ángel</subfield>
        </datafield>
        <datafield tag="700" ind1=" " ind2=" ">
            <subfield code="0">(orcid)0000-0002-6873-0996</subfield>
            <subfield code="a">Sein-Echaluce, María Luisa</subfield>
            <subfield code="u">Universidad de Zaragoza</subfield>
        </datafield>
        <datafield tag="710" ind1="2" ind2=" ">
            <subfield code="1">2005</subfield>
            <subfield code="2">595</subfield>
            <subfield code="a">Universidad de Zaragoza</subfield>
            <subfield code="b">Departamento de Matemática Aplicada</subfield>
            <subfield code="c">Matemática Aplicada</subfield>
        </datafield>
        <datafield tag="773" ind1=" " ind2=" ">
            <subfield code="g">9 (2017), 117-135</subfield>
            <subfield code="p">Cuest. univ.</subfield>
            <subfield code="t">La Cuestión Universitaria</subfield>
            <subfield code="x">1988-236X</subfield>
        </datafield>
        <datafield tag="856" ind1="4" ind2="1">
            <subfield code="u">http://polired.upm.es/index.php/lacuestionuniversitaria/article/view/3583/3664</subfield>
            <subfield code="z">Texto completo de la revista</subfield>
        </datafield>
        <datafield tag="856" ind1="4" ind2=" ">
            <subfield code="s">679439</subfield>
            <subfield code="u">http://zaguan.unizar.es/record/63528/files/texto_completo.pdf</subfield>
            <subfield code="y">Versión publicada</subfield>
        </datafield>
        <datafield tag="856" ind1="4" ind2=" ">
            <subfield code="s">81951</subfield>
            <subfield code="u">http://zaguan.unizar.es/record/63528/files/texto_completo.jpg?subformat=icon</subfield>
            <subfield code="x">icon</subfield>
            <subfield code="y">Versión publicada</subfield>
        </datafield>
        <datafield tag="909" ind1="C" ind2="O">
            <subfield code="o">oai:zaguan.unizar.es:63528</subfield>
            <subfield code="p">articulos</subfield>
            <subfield code="p">driver</subfield>
        </datafield>
        <datafield tag="951" ind1=" " ind2=" ">
            <subfield code="a">2017-12-15-11:29:33</subfield>
        </datafield>
        <datafield tag="980" ind1=" " ind2=" ">
            <subfield code="a">ARTICLE</subfield>
        </datafield>
    </record>

    
</collection>